=LDR 00000nam 2200000 4500 =001 INLIS000000000009490 =005 20200215021911 =035 ##$$a 0010-061300000009490 =008 200215################g##########0#ind## =041 ##$$a Ind =082 ##$$a 155. 4 =090 ##$$a 155. 4, hal -s =100 ##$$a Hall, Nancy =245 1#$$a Sampai Jumpa, balitaku, kiat-kiat meninggalkan anak saat anda belanja atau bepergian /$c Nancy Hall, Peggy Schmidt =260 ##$$a Bandung :$b Kaifa,$c 2002 =300 ##$$a 240 hlm. : $b ilus. ; $c 14 x 21 cm =650 #4$$a Psikologi Anak =700 #$$a Schmidt, Peggy =850 ##$$a NBPNMAT =020 ##$$a 979-9452-37-6 =084 ##$$a 155. 4 HAL s =250 ##$$a Cet. 1 =520 ##$$a Indeks : hlm. 237-238 =990 ##$$a DW00026241 =990 ##$$a DW00026242 =990 ##$$a DW00026244 =990 ##$$a DW00026243 =990 ##$$a DW00026242 =990 ##$$a DW00026241 =990 ##$$a DW00026244 =990 ##$$a DW00026243 =990 ##$$a DW00026241 =990 ##$$a DW00026242 =990 ##$$a DW00026244 =990 ##$$a DW00026243